Statistics for Mexican States by Borders in 15 Seconds

Click here to take the quiz!

General Stats

  • This quiz has been taken 85 times
  • The average score is 15 of 31

Answer Stats

State % Correct
Sonora
86%
Baja California
75%
Baja California Sur
64%
Puebla
61%
Sinaloa
61%
Chihuahua
57%
Guerrero
57%
Michoacán
57%
Coahuila
54%
Veracruz
54%
Durango
54%
Zacatecas
50%
Campeche
50%
Yucatán
50%
Quintana Roo
50%
México
50%
Morelos
46%
Chiapas
46%
Hidalgo
46%
Oaxaca
43%
Querétaro
43%
Jalisco
43%
San Luis Potosí
43%
Tabasco
43%
Tlaxcala
39%
Aguascalientes
36%
Nuevo León
32%
Nayarit
32%
Guanajuato
32%
Tamaulipas
25%
Colima
14%

Score Distribution

Percentile by Number Answered

Percent of People with Each Score

Your Score History

You have not taken this quiz